تحميل...

Banking and finance Vol.6

التفاصيل البيبلوغرافية
المؤلف الرئيسي: Sona, Kapila
التنسيق: Printed Book
اللغة:Undetermined
منشور في: Ghaziabad Academic Foundation 2000
LEADER 00519nam a2200145Ia 4500
008 161229s9999 xx 000 0 und d
020 |a 8171881947 
082 |a 332.1 SON/BA 
100 |a Sona, Kapila  
245 |a Banking and finance Vol.6 
260 |b Academic Foundation  |a Ghaziabad  |c 2000 
300 |a 128 
942 |c BK 
999 |c 151552  |d 151552 
952 |0 0  |1 0  |4 0  |6 332_100000000000000_SONBA  |7 0  |9 150607  |a KAUCLV  |b KAUCLV  |d 2016-12-29  |o 332.1 SON/BA  |p 902861  |r 2016-12-29  |w 2016-12-29  |y BK  |z Book transferred from CCBM Library ,Acc.No:8749